000 00507nam a22001817a 4500
999 _c4600
_d4600
003 GBCCL
005 20241126110522.0
008 180125b xxu||||| |||| 00| 0 eng d
020 _a0551011904
040 _cgbc
082 _a248.4
_bNIG
100 _aNightingale, Rita
_98480
245 _aFreed for Ever:
_bA sequel to Freed for Life /
_cRita Nightingale with David Porter
260 _bMarshalls,
_aUnited Kingdom:
_c1985
300 _a191 p.;
_c20 cm.
650 _aChristian life
_9183
942 _2ddc
_cBK